A history of Japan
Gespeichert in:
| 1. Verfasser: | |
|---|---|
| Format: | Buch |
| Sprache: | Undetermined |
| Veröffentlicht: |
London
K. Paul, Trench, Trubner & co., ltd.
1949
|
| Schlagworte: | |
| Tags: |
Tag hinzufügen
Keine Tags, Fügen Sie den ersten Tag hinzu!
|
| Thư viện lưu trữ: | Trung tâm Học liệu Trường Đại học Cần Thơ |
|---|
| LEADER | 00522nam a2200193Ia 4500 | ||
|---|---|---|---|
| 001 | CTU_115335 | ||
| 008 | 210402s9999 xx 000 0 und d | ||
| 082 | |a 952 | ||
| 082 | |b M974/Vol.I | ||
| 100 | |a Murdoch, James | ||
| 245 | 2 | |a A history of Japan | |
| 245 | 0 | |c James Murdoch. With maps by Isoh Yamagata. | |
| 260 | |a London | ||
| 260 | |b K. Paul, Trench, Trubner & co., ltd. | ||
| 260 | |c 1949 | ||
| 650 | |a Japan | ||
| 650 | |x History | ||
| 904 | |i Năm | ||
| 980 | |a Trung tâm Học liệu Trường Đại học Cần Thơ | ||